000 00589nam a2200205Ia 4500
005 20250508162553.0
008 008 250505s9999 xx 000 0 eng d
037 _aTextBook
040 _aFEDL
_beng
_cFEDL
041 _aeng
_2eng
084 _a370.954, IND
_qFEDL
245 0 _aReport of the education commission on 1964-66
245 0 _cIndia,Education (Ministry....)
260 _aDelhi, India
_bManager of Publication
_c1978
300 _axi,632
365 _aINR
_b60.5
650 _aEducation - India
942 _cTB
_h370.954, IND
999 _c1377374
_d1377374